Loading...
| Mythology | 0 | 8 | 0 | 0 | 80 | 35 | 75.38 | 2 | 4 | 0.00 | 0.00 |
| Science - Biology | 0 | 4 | 0 | 1 | 40 | 76 | 90.25 | 0 | 0 | 0.00 | 0.00 |
| Science - Chemistry | 0 | 3 | 0 | 1 | 30 | 82 | 92.67 | 1 | 1 | 0.00 | 0.00 |
| Science - Physics | 0 | 2 | 0 | 1 | 20 | 82 | 104.00 | 0 | 1 | 0.00 | 0.00 |
| History - Other | 0 | 2 | 0 | 1 | 20 | 107 | 116.50 | 0 | 1 | 0.00 | 0.00 |
| Philosophy | 0 | 2 | 0 | 1 | 20 | 115 | 121.00 | 0 | 0 | 0.00 | 0.00 |
| Religion | 0 | 3 | 2 | 0 | 20 | 74 | 102.33 | 0 | 1 | 0.00 | 0.00 |
| History - European | 0 | 2 | 1 | 2 | 15 | 126 | 130.50 | 0 | 0 | 0.00 | 0.00 |
| Literature - World | 0 | 1 | 0 | 1 | 10 | 144 | 144.00 | 0 | 0 | 0.00 | 0.00 |
| Fine Arts - Other | 0 | 1 | 0 | 1 | 10 | 138 | 138.00 | 0 | 0 | 0.00 | 0.00 |
| Science - Other | 0 | 1 | 0 | 1 | 10 | 118 | 118.00 | 0 | 0 | 0.00 | 0.00 |
| Other Academic | 0 | 1 | 0 | 1 | 10 | 117 | 117.00 | 0 | 0 | 0.00 | 0.00 |
| Fine Arts - Painting and Sculpture | 0 | 1 | 1 | 0 | 5 | 90 | 90.00 | 0 | 0 | 0.00 | 0.00 |
| Social Science | 0 | 1 | 2 | 0 | 0 | 93 | 93.00 | 0 | 0 | 0.00 | 0.00 |
| History - World | 0 | 1 | 2 | 1 | 0 | 132 | 132.00 | 0 | 0 | 0.00 | 0.00 |
| Fine Arts - Classical Music | 0 | 0 | 2 | 0 | -10 | 0.00 | 0 | 0 | 0.00 | 0.00 |